00914nam a2200193 a 450000100100000000500170001000800410002704000250006824500520009326000980014530000200024349000350026350000410029871001060033983000420044595201050048795201110059299900170070300003875020201002031345.0130419s1998 dr 000 1 spa d aDO-SdBNPbspacBNPHU00aLas reformas de la administración financiera. aSanto Domingo :bComisión Presidencial para la Reforma y Modernización del Estado,c1998. a51 p. ;c21 cm.1 aConversatorio de la Reformav5 aConversatorio, 26 de abril. del 19982 aComisión Presidencial para la Reforma y Modernización del Estado, (República Dominicana)952762 0aConversatorio de la Reformav5965049 0010718PDaPDbPDcHDd2013-04-19iLF1l0o p38750-10r2020-06-25w2020-06-25yLFPDZNo se presta 0010718PDaPDbPDcHDd2013-11-11iLF1l0o p38750-20r2020-06-25te. 2w2020-06-25yLFPDZNo se presta c38240d38240